000 00200 a2200097 4500
001 51727
100 _aTrevanian
245 _aSummer of Katya
260 _aLondon
_bGranada
_c
090 _c32710
_d32710
942 _aNUST-CAE
_cM
_c25237
999 _c286800
_d286800